| 000 | 00519nam a2200181 a 4500 | ||
|---|---|---|---|
| 005 | 20210223130441.0 | ||
| 008 | 080520s1990 mx r 000 0 spa d | ||
| 020 | _a0471617091 | ||
| 035 | _aUPN01000156051 | ||
| 049 | _aCG | ||
| 050 | 4 |
_aRB155 _bP5.3 |
|
| 100 | 1 | _aPierce, Benjamin A. | |
| 245 | 1 | 4 |
_aThe family genetic sourcebook / _cBenjamin A. Pierce. |
| 260 |
_aNew York : _bJohn Wiley & Sons, _c1990. |
||
| 300 |
_axi, 340 p. : _bil. |
||
| 650 | 4 |
_aGENETICA MEDICA - _xTRABAJOS POPULARES _99931 |
|
| 905 | _aLibro | ||
| 999 |
_c128165 _d128165 |
||